Normal view
MARC view
- Chaudhry, Yasin Khan Malik
Entry Personal Name
001 - CONTROL NUMBER
- control field: 109240
003 - CONTROL NUMBER IDENTIFIER
- control field: NUST
005 - DATE AND TIME OF LATEST TRANSACTION
- control field: 20230220102347.0
008 - FIXED-LENGTH DATA ELEMENTS
- fixed length control field: 230220|| aca||aabn | a|a d
040 ## - CATALOGING SOURCE
- Original cataloging agency: NUST
- Transcribing agency: NUST
100 ## - HEADING--PERSONAL NAME
- Personal name: Chaudhry, Yasin Khan Malik
670 ## - SOURCE DATA FOUND
- Source citation: Work cat.: (NUST)183945: Chaudhry, Yasin Khan Malik, Ilmi Islamyiat vo Pak -Studies /
